| 000 | 00603nam a2200193Ia 4500 | ||
|---|---|---|---|
| 008 | 240925s9999 xx 000 0 und d | ||
| 020 | _a9781032242866 | ||
| 082 | _a621.31042 ALI | ||
| 100 | _aAli, Warsame Hassan | ||
| 245 | 0 | _aFundamentals of electric machines: a primer with matlab | |
| 250 | _aNA | ||
| 260 |
_aNew York: _bCRC Press _c2019 |
||
| 300 |
_a238p. _bNA _fNA |
||
| 500 | _aIncludes Index | ||
| 600 | _aElectrical Engineering | ||
| 650 | _aTechnology | ||
| 856 |
_uhttps://drive.google.com/file/d/1u91MKdpVKft6APznElexR3psbVkLyPXf/view?usp=sharing _yClick here for PDF |
||
| 942 | _cBK | ||
| 999 |
_c18202 _d18202 |
||